| 000 | 00342nam a2200133Ia 4500 | ||
|---|---|---|---|
| 008 | 230312s9999||||xx |||||||||||||| ||und|| | ||
| 082 |
_a629.132 _bTAL-I |
||
| 100 | _aTalay;Theodore.A | ||
| 245 | 0 | _aIntroduction to Abrodynamics of FLIGHT | |
| 260 |
_bNASA _c1975 |
||
| 300 | _a180 | ||
| 650 |
_aAviation _vEngineering/Technology |
||
| 942 | _cBK | ||
| 999 |
_c13009 _d13009 |
||